| Tag |
First Indicator |
Second Indicator |
Subfields |
| LEADER |
00000cam a2200000 4500 |
| 001 |
in00000047351 |
| 005 |
20151007071434.0 |
| 008 |
800603s1965 nyuab b 00010 eng d |
| 035 |
|
|
|a (OCoLC)06384777
|
| 035 |
|
|
|9 AAE5971AM
|
| 040 |
|
|
|a TXA
|c TXA
|d UtOrBLW
|
| 049 |
|
|
|a TXAM
|c [454069]
|
| 090 |
|
|
|a QK101
|b .G6 1965
|
| 092 |
|
|
|a 581.9
|b G646g, 1965
|
| 100 |
1 |
|
|a Good, Ronald,
|d 1896-1992.
|
| 245 |
1 |
4 |
|a The geography of the flowering plants /
|c by Ronald Good.
|
| 250 |
|
|
|a [3d ed.].
|
| 264 |
|
1 |
|a New York :
|b J. Wiley,
|c [1965]
|
| 300 |
|
|
|a xvi, 518 pages :
|b illustrations, maps (part color) ;
|c 26 cm.
|
| 336 |
|
|
|a text
|b txt
|2 rdacontent
|
| 337 |
|
|
|a unmediated
|b n
|2 rdamedia
|
| 338 |
|
|
|a volume
|b nc
|2 rdacarrier
|
| 504 |
|
|
|a Bibliography: pages 445-466.
|
| 650 |
|
0 |
|a Phytogeography.
|
| 650 |
|
0 |
|a Plant ecology.
|
| 999 |
|
|
|a MARS
|
| 999 |
f |
f |
|s 5aae1856-4753-3573-97de-96dcd2a3f97f
|i 30e4ef3d-ac2c-3731-87dd-b5761aa440f4
|t 0
|
| 952 |
f |
f |
|p ric
|a Texas A&M University
|b Rellis Campus
|c Joint Library Facility
|d Remote Storage
|t 0
|e QK101 .G6 1965
|h Library of Congress classification
|i unmediated -- volume
|m A14800991876
|
| 998 |
f |
f |
|a QK101 .G6 1965
|t 0
|l Remote Storage
|